National Capitals by Letter - B - Statistics

General Stats
  • This quiz has been taken 426 times
    402 since last reset
  • The average score is 18 of 27
Answer Stats
Answer % Correct
Bogota
80%
Brasilia
80%
Brussels
80%
Berlin
78%
Bucharest
78%
Bern
76%
Budapest
76%
Bratislava
75%
Belgrade
74%
Belmopan
74%
Bamako
72%
Baghdad
71%
Buenos Aires
71%
Beijing
70%
Bangkok
69%
Bandar Seri Begawan
65%
Bangui
65%
Banjul
64%
Bishkek
64%
Baku
63%
Beirut
63%
Bridgetown
63%
Brazzaville
57%
Basseterre
56%
Bissau
43%
Bloemfontein
41%
Bujumbura
38%
No matching quizzes found
Score Distribution
Percent of People with Each Score
Percentile by Number Answered
Your Score History
You have not taken this quiz since the last reset